| 000 | 00546nam a22001937a 4500 | ||
|---|---|---|---|
| 005 | 20260327123747.0 | ||
| 010 | _aENG-148150 | ||
| 020 |
_c590.00 _a9789392140211 |
||
| 035 | _aEN-131682 | ||
| 037 |
_aDPL _bDBAD |
||
| 082 | _227 | ||
| 100 |
_aSinha, R.K _988807 |
||
| 245 |
_aThe Transfer of Property Act/ _cR.K Sinha |
||
| 250 | _a27 | ||
| 260 |
_aPrayagraj _bCentral Law Agency _c2023 |
||
| 270 |
_a30-D/1, Motilal Nehru Road, _bPrayagraj _e211002 |
||
| 300 |
_a552p. _c23cm(pb) |
||
| 942 |
_2ddc _cEN _e27 _h346.540536 _mSIN |
||
| 999 |
_c215792 _d215792 |
||